| 000 | 00647nam a2200217 a 4500 | ||
|---|---|---|---|
| 001 | 3547 | ||
| 003 | CDMR | ||
| 005 | 20131209121244.0 | ||
| 008 | 130130s1974||||||||||||||||||||||||||||d | ||
| 020 | _a8428302324 | ||
| 040 |
_aCDMR _bcat _cCDMR |
||
| 100 | 1 |
_aAbramson, Norman _92540 |
|
| 245 | 1 | 0 |
_aTeoría de la información y codificación _cpor Norman Abramson ; traducido por Juan Antonio de Miguel Menoyo |
| 246 | _aInformation theory and coding | ||
| 250 | _a3a ed. | ||
| 260 |
_aMadrid _c1974 _bParaninfo |
||
| 300 | _a218 p. | ||
| 650 | 0 | 4 |
_92194 _aInformació, Teoria de la |
| 650 | 0 | 4 |
_94469 _aCodificació, Teoria de la |
| 942 |
_cMON _2udc |
||
| 999 |
_c3547 _d3547 |
||